Diakonia in a Gender Perspective (Record no. 20179)

MARC details
000 -LEADER
fixed length control field 00335nam a22001337a 4500
020 ## - INTERNATIONAL STANDARD BOOK NUMBER
ISBN 9781911372097
082 ## - DEWEY DECIMAL CLASSIFICATION NUMBER
Classification number 270.82 DIE
100 ## - MAIN ENTRY--AUTHOR NAME
Author name Dietrich Stephanie
-- knud jorgensen
245 ## - TITLE STATEMENT
Title Diakonia in a Gender Perspective
260 ## - PUBLICATION, DISTRIBUTION, ETC. (IMPRINT)
Place of publication UK
Name of publisher Regnum Books International
Year of publication 2016
300 ## - PHYSICAL DESCRIPTION
Number of Pages 274
650 ## - SUBJECT ADDED ENTRY--TOPICAL TERM
Topical Term Ecumenicalisim
942 ## - ADDED ENTRY ELEMENTS (KOHA)
Koha item type Books
Holdings
Home library Current library Date acquired Full call number Accession Number Koha item type
Henry Martyn Institute Library Henry Martyn Institute Library 11/29/2016 270.82 DIE 11003440 Books
                   Copyright © 2026 | Henry Martyn Institute | Hyderabad | TS-500052 | INDIA | Implemented by hmi.edu.in
Hit-Count:

Powered by Koha